Catálogo de Botánica aplicada

Saved in:
Bibliografiske detaljer
Hovedforfatter: Parra Leiva, Bernardo (autor)
Andre forfattere: Escudero J., Viviana, Herreros E., Arturo
Format: Bog
Sprog:spansk
Udgivet: Valparaíso Universitarias de Valparaíso 1994
Serier:Universidad
Fag:
Tags: Tilføj Tag
Ingen Tags, Vær først til at tagge denne postø!

MARC

LEADER 00000nam a2200000 a 4500
001 UCT3565
003 CL-VaPUC
005 20250225092637.0
008 961024e19940000CL |||||||||||||||||spa|d
999 |c 253169  |d 253167 
040 |c Pontificia Universidad Católica de Valparaíso 
082 0 4 |a 581 PAR 1994  |2 21 
100 |a Parra Leiva, Bernardo  |e autor  |9 535303 
245 1 0 |a Catálogo de Botánica aplicada 
260 |a Valparaíso  |b Universitarias de Valparaíso  |c 1994 
300 |a 193 páginas 
490 0 |a Universidad 
583 |a last modification  |c 19961024 00:00:00  |k Rodrigo Vera 
650 0 |a Botánica  |9 264202 
650 0 |a Ecología vegetal   |9 264247 
650 0 |a Plantas  |9 264555 
650 0 |a Recursos vegetales  |9 356886 
700 0 |a Escudero J., Viviana  |9 372506 
700 0 |a Herreros E., Arturo  |9 372507 
942 |c BK  |2 ddc 
945 |d 19961024 00:00:00  |a paguirre 
952 |0 0  |1 0  |2 ddc  |4 0  |6 581_000000000000000_PAR_1994  |7 0  |8 A  |9 273804  |a BIBCUR  |b BIBCUR  |d 2019-11-19  |i 4425499  |l 2  |o 581 PAR 1994  |p 4425499  |r 2025-04-22  |s 2024-08-09  |t 3  |w 2019-11-19  |y BK  |k BCB